Central Library OPAC University of Rajshahi

Principles of plant physiology / (Record no. 12129)

MARC details
000 -LEADER
fixed length control field 00836nam a22002651 4500
001 - CONTROL NUMBER
control field 12129
003 - CONTROL NUMBER IDENTIFIER
rucl marc code BD-RjUL
005 - DATE AND TIME OF LATEST TRANSACTION
control field 20211208235235.0
008 - FIXED-LENGTH DATA ELEMENTS--GENERAL INFORMATION
fixed length control field 140128s1952 caua 001 0 eng
035 ## - SYSTEM CONTROL NUMBER
System control number (BD-RjUL)12178
040 ## - CATALOGING SOURCE
Original cataloging agency DLC
Transcribing agency DLC
Modifying agency DLC
-- BD-RjUL
Language of cataloging eng
041 ## - LANGUAGE CODE
Language code of text/sound track or separate title eng
082 00 - DEWEY DECIMAL CLASSIFICATION NUMBER
Classification number 581.1
Author mark and year BOP 1952
100 1# - MAIN ENTRY--PERSONAL NAME
Personal name Bonner, James,
Dates associated with a name 1910-
9 (RLIN) 37563
245 00 - TITLE STATEMENT
Title Principles of plant physiology /
Statement of responsibility, etc. by James Bonner and Arthur W. Galston. Illus. by Evan L. Gillespie.
260 ## - PUBLICATION, DISTRIBUTION, ETC. (IMPRINT)
Place of publication, distribution, etc. San Francisco :
Name of publisher, distributor, etc. W. H. Freeman,
Date of publication, distribution, etc. c1952.
300 ## - PHYSICAL DESCRIPTION
Pagination x, 499 p. :
Illustrations illus. ;
Size 25 cm.
490 0# - SERIES STATEMENT
Series statement A Series of biology texts
504 ## - BIBLIOGRAPHY, ETC. NOTE
Bibliography, etc Includes bibliographical references and index.
650 #0 - SUBJECT ADDED ENTRY--TOPICAL TERM
Topical term or geographic name as entry element Plant physiology.
9 (RLIN) 799
700 1# - ADDED ENTRY--PERSONAL NAME
Personal name Galston, Arthur W.
942 ## - ADDED ENTRY ELEMENTS (KOHA)
Source of classification or shelving scheme Dewey Decimal Classification
Koha item type Books
Holdings
Lost status Source of classification or shelving scheme Damaged status Not for loan Collection code Permanent Location Current Location Shelving location Date acquired Source of acquisition Total Checkouts Full call number Date last seen Date checked out Copy number Koha item type Cost, normal purchase price Coded location qualifier
  Dewey Decimal Classification     Non-fiction Central Library, University of Rajshahi Central Library, University of Rajshahi   17/07/1968 Sweets and Zeitlinger. 1 571.2 BOP 1952 21/09/2015 06/09/2015 C-5 Books    
  Dewey Decimal Classification   Not For Loan Non-fiction Central Library, University of Rajshahi Central Library, University of Rajshahi Reading Room 13/04/1968 Zeitlinger   571.2 BOP 1952 15/12/2018   C-1 Books 52.00  
  Dewey Decimal Classification     Non-fiction Central Library, University of Rajshahi Central Library, University of Rajshahi   22/12/2018 Zeitlinger   571.2 BOP 1952 22/12/2018   C-2 Books 52.00  
  Dewey Decimal Classification     Non-fiction Central Library, University of Rajshahi Central Library, University of Rajshahi   13/04/1968     571.2 BOP 1952 23/12/2018   C-3 Books 52.00 Zeitlinger
  Dewey Decimal Classification     Non-fiction Central Library, University of Rajshahi Central Library, University of Rajshahi   19/05/1964 Mirza Book   571.2 BOP 1952 24/12/2018   C-4 Books 32.50